000
00318nam a2200145 4500
999
_c
93573
_d
93573
003
NALT
005
20210325215548.0
008
170830b th ||||| |||| 00| 0 tha d
022
_a
08586993
040
_a
NALT
245
_a
สาร สนช.
850
_a
NALT
942
_c
JNR
_2
lcc